| 000 | 00533nam a2200145 a 4500 | ||
|---|---|---|---|
| 001 | 1336 | ||
| 003 | CDMR | ||
| 005 | 20130226183057.0 | ||
| 008 | 130130s2001||||||||||||||||||||||||||||d | ||
| 040 |
_aCDMR _bcat _cCDMR |
||
| 110 | 2 |
_aFederazione Nazionale della Stampa Italiana _91 |
|
| 245 | 1 | 0 |
_aG8 La penna piu' forte della spada _b: I Giornalisti testimoni della legalita' e dell'effettivita'dei diritti _cFederazione Nazionale della Stampa Italiana |
| 260 |
_aGenova _c2001 _bFederazione Nazionale della Stampa Italiana |
||
| 942 |
_cMON _2ddc |
||
| 999 |
_c1336 _d1336 |
||